Diario de una multitud

Kaydedildi:
Detaylı Bibliyografya
Yazar: Naranjo, Carmen
Materyal Türü: Kitap
Dil:Undetermined
Baskı/Yayın Bilgisi: San José, Costa Rica Editorial Universitaria Centroamericana 1974
Konular:
Etiketler: Etiketle
Etiket eklenmemiş, İlk siz ekleyin!

MARC

LEADER 00000nam a2200000Ia 4500
008 170316s9999 xx 000 0 und d
090 |a 868 N-1d 
100 |a Naranjo, Carmen 
245 |a Diario de una multitud 
260 |a San José, Costa Rica 
260 |b Editorial Universitaria Centroamericana 
260 |c 1974 
300 |a 299 páginas 
650 |a LITERATURA COSTARRICENSE 
650 |a NOVELA 
999 |c 26737  |d 26737 
040 |a cru BVZT 
942 |c 15 D  |h 868 N-1d  |2 z